The end of government--? /

Bibliographic Details
Main Author: Harris, Ralph
Format: Book
Language:English
Published: London : Institute of Economic Affairs ; 1980.
Series:Occasional paper (Institute of Economic Affairs (Great Britain)) ; 58.
Subjects:

MARC

Tag First Indicator Second Indicator Subfields
LEADER 00000cam a2200000 a 4500
001 in00000084126
005 20151008055658.0
008 810717s1980 enk b 00010 eng d
020 |a 025536136X 
035 |a (OCoLC)07594199 
035 |9 AAJ4091AM 
040 |a RRR  |c RRR  |d TXA  |d UtOrBLW 
049 |a TXAM  |c [1655208] 
090 |a H11  |b .I47 no. 58 
100 1 |a Harris, Ralph. 
245 1 4 |a The end of government--? /  |c Ralph Harris. 
264 1 |a London :  |b Institute of Economic Affairs ;  |c 1980. 
264 2 |a Central Islip, N.Y. :  |b Sole distributor for the U.S.A., Transatlantic Arts, 
300 |a 79 pages ;  |c 22 cm. 
336 |a text  |b txt  |2 rdacontent 
337 |a unmediated  |b n  |2 rdamedia 
338 |a volume  |b nc  |2 rdacarrier 
490 1 |a Occasional paper / Institute for Economic Affairs,  |x 0073-909X ;  |v 58 
500 |a Distributor from label mounted on title page. 
504 |a Bibliography : page 77. 
651 0 |a Great Britain  |x Economic policy  |y 1945-1964. 
830 0 |a Occasional paper (Institute of Economic Affairs (Great Britain)) ;  |v 58. 
999 |a MARS 
999 f f |s c42c2a9e-01ed-3d84-b523-7de999bdbc19  |i 744b7162-9e26-37d8-9d62-3c8dd1e75533  |t 0 
952 f f |p ric  |a Texas A&M University  |b Rellis Campus  |c Joint Library Facility  |d Remote Storage  |t 0  |e H11 .I47 no.58  |h Library of Congress classification  |i unmediated -- volume  |m A14806117721 
998 f f |a H11 .I47 no.58  |t 0  |l Remote Storage